| 000 | 00499nam a2200145Ia 4500 | ||
|---|---|---|---|
| 008 | 100122s9999 xx 000 0 und d | ||
| 082 |
_b24532 _a294.5921 |
||
| 100 | _aबेलसरे केशव वि | ||
| 245 | _aउपनिषदांचा अभ्यास | ||
| 260 |
_bप्रसाद प्रकाशन _c1965 |
||
| 300 | _a550 | ||
| 630 | _aउपनिषदांचा अभ्यास | ||
| 730 | _aउपनिषदांचा अभ्यास | ||
| 942 | _cBOOK | ||
| 999 |
_c411756 _d411753 |
||